| 000 | 00833nam a2200229 u 4500 | ||
|---|---|---|---|
| 005 | 20250527063805.0 | ||
| 008 | 150115s2007 es r 000 0 spa d | ||
| 020 | _a9788496629530 | ||
| 035 | _aUPN01000201213 | ||
| 049 | _aI | ||
| 050 | 4 |
_aM1992 _bC3.5 |
|
| 245 | 0 | 0 |
_aCanciones infantiles y nanas de babushka : _bO7 canciones infantiles eslavas / _ccomp. Nathalie Soussana ; tr. de Miguel Angel Mendo ; il. Sacha Poliakova. |
| 260 |
_aMadrid : _bKókinos, _c2007. |
||
| 300 |
_a57 p. : _bil col. + _e1 CD-ROM ; 4 3/4 plg. |
||
| 500 | _aSolicita el CD-ROM en el mostrador de préstamo. | ||
| 534 |
_pTitulo original: _tComptines et berceuses de babouchka |
||
| 650 | 2 |
_aCanciones infantiles _95682 |
|
| 650 | 4 |
_aCANCIONES FOLKLORICAS _95643 |
|
| 700 | 1 |
_aSoussana, Nathalie, _ecomp. |
|
| 905 | _aInfantil | ||
| 999 |
_c173314 _d173314 |
||